000 00479nam a22001577a 4500
005 20231212104010.0
008 231212b |||||||| |||| 00| 0 eng d
041 _aEnglish
082 _a348 SOU
100 _lEnglish
245 _aThe South African Encyclopedia of Forms and Precedents
260 _aDurban :
_bButterworth and Company Ltd,
_c1967
300 _bxli, 623 pages ;
_c26 cm.
650 _aLegal practice
_bLaw
942 _cBK
_6ALISON_BN_VRIES
999 _c1179
_d1179